00374nam a22001217a 4500003000500000082000800005100002100013245007800034264002500112300002400137700003400161856005700195NUST a200 aJaved, Waqar Ali aFinancial Analysis of Listed E&P companies of Pakistan/cWaqar Ali Javed  aIslamabadbNBSc2023 aill:b45,p:c30,cm. aSupervisor :Dr. Nabeel Safdar uhttp://10.250.8.41:8080/xmlui/handle/123456789/38210